| 000 | 00785nam a2200241 a 4500 | ||
|---|---|---|---|
| 001 | BRCA_7996 | ||
| 005 | 20190320210103.0 | ||
| 008 | 140314s1970----mx-a###f##---#000-0#spa-# | ||
| 041 | _aspa | ||
| 044 | _amx | ||
| 050 | 4 |
_aF1386.3 _b.C581 1970 |
|
| 245 | 1 | 0 |
_aLa Gran Ciudad de México _cMartín Diaz Montero, coordinador ; textos de Felipe Morales. |
| 260 |
_aMéxico _bDepartamento del Distrito Federal _c[1970] |
||
| 300 |
_a522 p. _bil. (algunas a color) _c33 cm. |
||
| 500 | _a3101 | ||
| 651 | 4 |
_aCiudad de México _vHistoria _919845 |
|
| 651 | 4 |
_aCiudad de México _vInfraestructura _919846 |
|
| 651 | 4 |
_aCiudad de México _vServicios públicos _919847 |
|
| 700 | 1 |
_aDiaz Montero, Martín _ecoord. _919848 |
|
| 700 | 1 |
_aMorales, Felipe _919849 |
|
| 902 | _aGFM | ||
| 942 |
_2lcc _cB |
||
| 999 |
_c7665 _d7665 |
||